00558nam a2200121Ia 4500041001200000082001200012100007600024245018000100260006600280300000900346650005500355650002600410 aEnglish aRS.0801 aSankaraiah, T.uDepartment of Econometrics, Sri Venkateswara University 0aSocio-economic development of women through self help groups in Rayalaseema region of Andhra Pradesh :ba case study of scheduled castes and scheduled tribes / cT. Sankaraiah aNew Delhi :bIndian Council of Social Science Research,c2017 aV.P. aSocio-economic development zIndiazAndhra Pradesh aeconomic development